| 000 | 00733nam a2200217Ia 4500 | ||
|---|---|---|---|
| 008 | 100315s9999 xx 000 0 und d | ||
| 082 |
_b3012 _a001.42 |
||
| 100 | _a"Michael, V.P. " | ||
| 245 | _aResearch Methodology in Management | ||
| 250 | _a3rd | ||
| 260 |
_aMumbai _bHimalaya Publishing House _c1996 |
||
| 300 | _a312p. | ||
| 365 |
_eRupees _d1 _b90.00 |
||
| 366 | _f0 | ||
| 505 | _gTushar Jadhav | ||
| 530 | _b- | ||
| 620 | _a"Research in management, Types of Research, Research Design, the Process of Research, Data Collection & Analysis, Classification & Tabulation " | ||
| 630 | _aResearch Methodology in Management | ||
| 730 | _aResearch Methodology in Management | ||
| 942 | _cBOOK | ||
| 999 |
_c477747 _d477744 |
||